[Event "Women's Speed Chess Q4"]
[Site "chess.com INT"]
[Date "2021.06.03"]
[Round "9"]
[White "Pandey, Srishti"]
[Black "Zakirova, Aisha"]
[Result "1-0"]
[WhiteTitle "WFM"]
[BlackTitle "WCM"]
[WhiteElo "2026"]
[BlackElo "1585"]
[WhiteFideId "35093290"]
[BlackFideId "13719734"]
[EventDate "2021.06.03"]

1. d4 Nf6 2. c4 g6 3. Nc3 d5 4. Nf3 Bg7 5. Bf4 O-O 6. e3 c5 7. dxc5 dxc4 8. Bxc4
Nc6 9. O-O Qa5 10. Rc1 Qxc5 11. Bb3 Qh5 12. h3 Rd8 13. Qe2 e5 14. Bh2 e4 15. Ne1
Qh4 16. Bg3 Qg5 17. Qb5 Qxb5 18. Nxb5 Bf5 19. Nd6 Be6 20. Bxe6 fxe6 21. Nxb7
Rdc8 22. Nd6 Rc7 23. Nxe4 Nxe4 24. Bxc7 Ne7 25. Nd3 Nd5 26. Be5 Bf8 27. Rfd1 a5
28. Bd4 a4 29. Ne5 Bb4 30. a3 Ba5 31. Rc6 Rf8 32. f3 Ng3 33. Bc5 Re8 34. Kf2 1-0

[Event "Women's Speed Chess Q4"]
[Site "chess.com INT"]
[Date "2021.06.03"]
[Round "9"]
[White "Nguyen, Hong Ngoc"]
[Black "Von Herman, Brigitte"]
[Result "1-0"]
[WhiteTitle "WCM"]
[BlackTitle "WFM"]
[WhiteElo "1957"]
[BlackElo "1991"]
[WhiteFideId "12403083"]
[BlackFideId "4628730"]
[EventDate "2021.06.03"]

1. e4 e5 2. Bc4 Nf6 3. d3 Nc6 4. Nc3 Bb4 5. Ne2 d5 6. exd5 Nxd5 7. a3 Bxc3+ 8.
Nxc3 Be6 9. Nxd5 Bxd5 10. Bxd5 Qxd5 11. O-O O-O-O 12. Be3 Kb8 13. f4 e4 14. dxe4
Qxe4 15. Qc1 Rhe8 16. Rf3 Nd4 17. Bxd4 Qxd4+ 18. Kh1 Qd2 19. Qxd2 Rxd2 20. Rg3
g6 21. f5 Rxc2 22. b4 a6 23. fxg6 fxg6 24. Rf1 Rce2 25. h4 R8e5 26. Rf8+ Ka7 27.
Rf7 Re8 28. Rxh7 Kb6 29. Rxg6+ c6 30. Rgg7 1-0

[Event "Women's Speed Chess Q4"]
[Site "chess.com INT"]
[Date "2021.06.03"]
[Round "9"]
[White "Balabayeva, Xeniya"]
[Black "Cyfka, Karina"]
[Result "0-1"]
[WhiteTitle "WFM"]
[BlackTitle "IM"]
[WhiteElo "2178"]
[BlackElo "2415"]
[WhiteFideId "13719688"]
[BlackFideId "1122681"]
[EventDate "2021.06.03"]

1. e4 e5 2. Nf3 Nc6 3. Nc3 Nf6 4. Bb5 Nd4 5. Bc4 Bc5 6. Nxe5 d5 7. exd5 O-O 8.
O-O Qd6 9. Re1 Re8 10. b4 Bb6 11. Nd3 Rxe1+ 12. Qxe1 Nxc2 13. Qd1 Nxa1 14. Bb2
Bg4 15. Qxa1 Re8 16. h3 Bxh3 17. Qf1 Bf5 18. Nb5 Qd7 19. Ne5 Qe7 20. d4 Qxb4 21.
Bc3 Qe7 22. d6 cxd6 23. Bxf7+ Kh8 24. Bxe8 dxe5 25. dxe5 Ne4 0-1

[Event "Women's Speed Chess Q4"]
[Site "chess.com INT"]
[Date "2021.06.03"]
[Round "9"]
[White "Obregon Garcia, Roxangel"]
[Black "Arpita, Mukherjee"]
[Result "0-1"]
[WhiteTitle "WIM"]
[BlackTitle "WIM"]
[WhiteElo "2167"]
[BlackElo "2206"]
[WhiteFideId "3520420"]
[BlackFideId "5056403"]
[EventDate "2021.06.03"]

1. d4 Nf6 2. Bf4 d5 3. e3 c5 4. c3 Nc6 5. Nf3 e6 6. Nbd2 Bd6 7. Bg3 O-O 8. Bb5
Ne7 9. O-O Bxg3 10. hxg3 b6 11. Rc1 Bb7 12. Ne5 a6 13. Bd3 Nd7 14. f4 f6 15. Qh5
f5 16. Kf2 Nxe5 17. fxe5 Qe8 18. Qh4 Ng6 19. Qh3 cxd4 20. exd4 f4 21. Nf3 fxg3+
22. Qxg3 Nf4 23. Bc2 Qb5 24. Rce1 Qxb2 25. Rc1 Nd3+ 26. Kg1 Nxc1 27. Bxh7+ Kxh7
28. Ng5+ Kg8 29. Qh3 Rxf1+ 30. Kh2 Qf2 31. Qxe6+ Qf7 32. Nxf7 Rxf7 33. Qxb6 Nd3
34. Qe6 Nf4 35. Qd6 Re8 36. a4 Re6 37. Qd8+ Kh7 38. a5 Rh6+ 39. Kg1 Ne2# 0-1

[Event "Women's Speed Chess Q4"]
[Site "chess.com INT"]
[Date "2021.06.03"]
[Round "9"]
[White "Zawadzka, Jolanta"]
[Black "Dauletova, Gulmira"]
[Result "1-0"]
[WhiteTitle "WGM"]
[BlackTitle "WGM"]
[WhiteElo "2399"]
[BlackElo "2285"]
[WhiteFideId "1122320"]
[BlackFideId "13702971"]
[EventDate "2021.06.03"]

1. e4 e5 2. Nf3 Nc6 3. d4 exd4 4. Bc4 Be7 5. O-O Nf6 6. e5 Ng4 7. Re1 h5 8. h3
Nh6 9. Nxd4 Nxd4 10. Qxd4 c6 11. Nc3 Qb6 12. Qf4 g5 13. Qe4 Qc5 14. Be3 Qb4 15.
a3 Qa5 16. b4 Qc7 17. Rad1 a5 18. Bd4 Rf8 19. Qh7 axb4 20. Ne4 c5 21. Nd6+ Kd8
22. Ba1 Rxa3 23. Qxh6 b5 24. Nxf7+ Rxf7 25. Bxf7 Qa5 26. Bxh5 c4 27. e6 c3 28.
exd7 Bxd7 29. Bg4 Rxa1 30. Rxa1 1-0

[Event "Women's Speed Chess Q4"]
[Site "chess.com INT"]
[Date "2021.06.03"]
[Round "9"]
[White "Sviridova, Vlada"]
[Black "Zaksaite, Salomeja"]
[Result "1-0"]
[WhiteTitle "WFM"]
[BlackTitle "WIM"]
[WhiteElo "2144"]
[BlackElo "2202"]
[WhiteFideId "24109606"]
[BlackFideId "12801496"]
[EventDate "2021.06.03"]

1. d4 Nf6 2. c4 g6 3. Nc3 d5 4. cxd5 Nxd5 5. e4 Nxc3 6. bxc3 Bg7 7. Bc4 O-O 8.
Ne2 c5 9. O-O Nc6 10. Be3 Bg4 11. f3 Bd7 12. Rb1 Qc7 13. Bd3 Na5 14. Qd2 c4 15.
Bc2 b6 16. Bh6 e5 17. Bxg7 Kxg7 18. Qg5 f6 19. Qg3 Rac8 20. Qh4 Nb7 21. f4 Rce8
22. f5 g5 23. Qg3 Nd6 24. h4 h6 25. Qg4 Qb7 26. Ng3 Bc6 27. d5 Bd7 28. Qh5 Rf7
29. Qg6+ Kf8 30. Qxh6+ Ke7 31. hxg5 Kd8 32. gxf6 Bc8 33. Nh5 b5 34. Ng7 Ref8 35.
Ne6+ Bxe6 36. fxe6 1-0

[Event "Women's Speed Chess Q4"]
[Site "chess.com INT"]
[Date "2021.06.03"]
[Round "9"]
[White "Nguyen, Thi Thanh An"]
[Black "Matveeva, Olga"]
[Result "0-1"]
[WhiteTitle "WGM"]
[BlackTitle "WIM"]
[WhiteElo "2259"]
[BlackElo "2145"]
[WhiteFideId "12400300"]
[BlackFideId "24107018"]
[EventDate "2021.06.03"]

1. d4 Nf6 2. Nf3 e6 3. Bf4 d5 4. e3 c5 5. c3 Nc6 6. Bd3 Bd6 7. Nbd2 O-O 8. Ne5
Qc7 9. Ndf3 Ne4 10. Qc2 f5 11. O-O Bd7 12. Nxd7 Qxd7 13. Bxd6 Qxd6 14. Bb5 cxd4
15. exd4 Rac8 16. Bxc6 bxc6 17. Ne5 c5 18. Qd3 cxd4 19. cxd4 Rc7 20. f3 Nf6 21.
Rfc1 Rfc8 22. Qd2 Qb6 23. Kf2 Rxc1 24. Rxc1 Rxc1 25. Qxc1 Qxd4+ 26. Kf1 Qxe5 27.
Qc8+ Kf7 28. Qb7+ Kg6 29. Qxa7 Qxb2 30. a4 Qc1+ 31. Ke2 Qc2+ 32. Kf1 Qd3+ 33.
Kf2 Qd2+ 34. Kf1 d4 35. a5 Nd5 0-1

[Event "Women's Speed Chess Q4"]
[Site "chess.com INT"]
[Date "2021.06.03"]
[Round "9"]
[White "Eswaran, Aksithi"]
[Black "Golubenko, Valentina"]
[Result "0-1"]
[WhiteTitle "WCM"]
[BlackTitle "WGM"]
[WhiteElo "1745"]
[BlackElo "2209"]
[WhiteFideId "2083485"]
[BlackFideId "4501993"]
[EventDate "2021.06.03"]

1. e4 e6 2. d4 d5 3. e5 c5 4. c3 Nc6 5. Nf3 f6 6. Be2 Qc7 7. exf6 Nxf6 8. Na3 a6
9. Nc2 Bd6 10. Bg5 O-O 11. Bxf6 Rxf6 12. Qd3 c4 13. Qd2 Qf7 14. O-O-O b5 15. g3
Rxf3 16. Bxf3 Qxf3 17. Rde1 Bd7 18. h4 Rf8 19. Ref1 e5 20. h5 b4 21. h6 g6 22.
Re1 b3 23. axb3 cxb3 24. Ne3 exd4 25. cxd4 Bb4 26. Qd3 Bxe1 27. Rxe1 Qxf2 28.
Rf1 Nb4 29. Qxb3 Rc8+ 30. Kb1 Qxf1+ 31. Nxf1 Bf5+ 32. Ka1 Rc1# 0-1

[Event "Women's Speed Chess Q4"]
[Site "chess.com INT"]
[Date "2021.06.03"]
[Round "9"]
[White "Socko, Monika"]
[Black "Antolak, Julia"]
[Result "1/2-1/2"]
[WhiteTitle "GM"]
[BlackTitle "WIM"]
[WhiteElo "2421"]
[BlackElo "2306"]
[WhiteFideId "1106619"]
[BlackFideId "1159569"]
[EventDate "2021.06.03"]

1. d4 Nf6 2. Nf3 g6 3. g3 Bg7 4. Bg2 O-O 5. c4 d6 6. O-O c6 7. Nc3 Qa5 8. Bd2
Qh5 9. Qb3 Na6 10. Rad1 Rb8 11. e4 Bh3 12. Rfe1 e5 13. Be3 Ng4 14. dxe5 dxe5 15.
Bxa7 Rbc8 16. Qxb7 Nc7 17. Bc5 Rfe8 18. Rd7 Ne6 19. Rxf7 Nxc5 20. Rxg7+ Kh8 21.
Qa7 Bxg2 22. Kxg2 Nd3 23. Re2 Rf8 24. Rf7 Kg8 25. Rg7+ Kh8 26. Rf7 Kg8 27. Rg7+
Kh8 1/2-1/2

[Event "Women's Speed Chess Q4"]
[Site "chess.com INT"]
[Date "2021.06.03"]
[Round "9"]
[White "Pavlidou, Ekaterini"]
[Black "Bivol, Alina"]
[Result "1-0"]
[WhiteTitle "WIM"]
[BlackTitle "WGM"]
[WhiteElo "2157"]
[BlackElo "2385"]
[WhiteFideId "4213262"]
[BlackFideId "4100123"]
[EventDate "2021.06.03"]

1. d4 Nf6 2. c4 g6 3. Nc3 c5 4. d5 Bg7 5. e4 e6 6. Bd3 exd5 7. cxd5 d6 8. h3 O-O
9. Nf3 Na6 10. O-O Nc7 11. a4 a6 12. a5 Re8 13. Re1 Nh5 14. Bg5 Bf6 15. Bd2 Bd7
16. g4 Ng7 17. Kg2 Nb5 18. Nxb5 axb5 19. g5 Bxb2 20. Rb1 Bd4 21. Nxd4 cxd4 22.
Bxb5 Rc8 23. Qa4 Bxb5 24. Rxb5 Qd7 25. Qb3 Rc7 26. Rc1 Rxc1 27. Bxc1 Rxe4 28.
Rxb7 Qf5 29. Rb8+ Ne8 30. Qf3 Qe5 31. a6 Kg7 32. Rxe8 Qxe8 33. a7 Re1 34. Bb2
Kg8 35. Bxd4 Qa8 36. Kh2 f5 37. gxf6 Kf7 38. Qb3 h5 39. Qc3 Qxd5 40. Qxe1 Qxd4
41. Qe7+ Kg8 42. Qg7# 1-0

[Event "Women's Speed Chess Q4"]
[Site "chess.com INT"]
[Date "2021.06.03"]
[Round "9"]
[White "Varney, Zoe"]
[Black "Selkirk, Rebecca"]
[Result "0-1"]
[WhiteTitle "WCM"]
[BlackTitle "WCM"]
[WhiteElo "1917"]
[BlackElo "1799"]
[WhiteFideId "436135"]
[BlackFideId "14306514"]
[EventDate "2021.06.03"]

1. e4 c6 2. c4 d5 3. exd5 cxd5 4. cxd5 Qxd5 5. Nc3 Qd8 6. d4 Nf6 7. Nf3 e6 8.
Bd3 Bd6 9. O-O O-O 10. Bc2 Nc6 11. a3 b6 12. Qd3 Bb7 13. Bg5 g6 14. Ne4 Be7 15.
Bh6 Re8 16. Rfd1 Rc8 17. Nfg5 Ng4 18. Qh3 f5 19. Nxe6 Qd5 20. Bb3 Nxd4 21. Nxd4
Nxh6 22. Bxd5+ Bxd5 23. Qxh6 fxe4 24. Ne2 Bf7 25. Nf4 Rc2 26. Rac1 Rec8 27. Rxc2
Rxc2 28. Nh3 Bc5 29. Rd2 Rc1+ 30. Rd1 Rxd1# 0-1

[Event "Women's Speed Chess Q4"]
[Site "chess.com INT"]
[Date "2021.06.03"]
[Round "9"]
[White "Osmak, Iulija"]
[Black "Ambartsumova, Karina"]
[Result "1-0"]
[WhiteTitle "IM"]
[BlackTitle "IM"]
[WhiteElo "2425"]
[BlackElo "2382"]
[WhiteFideId "14101602"]
[BlackFideId "4166299"]
[EventDate "2021.06.03"]

1. b4 e5 2. Bb2 Bxb4 3. Bxe5 Nf6 4. e3 Nc6 5. Bb2 d5 6. Nf3 O-O 7. Be2 Bg4 8.
O-O Bd6 9. d3 Qe7 10. Nbd2 Rad8 11. c4 Bxf3 12. Bxf3 Ne5 13. Bxe5 Qxe5 14. g3 d4
15. e4 Qe7 16. Bg2 Nd7 17. f4 f6 18. Nb3 Nc5 19. Nxc5 Bxc5 20. Rb1 b6 21. Qg4 f5
22. Qf3 fxe4 23. Qxe4 Qd6 24. Rbe1 Kh8 25. Qe6 Qxe6 26. Rxe6 Rfe8 27. Rfe1 Rxe6
28. Rxe6 Kg8 29. Be4 g6 30. Kg2 Kf7 31. Bd5 Kg7 32. h4 Rf8 33. Kf3 Rd8 34. g4 a6
35. a4 a5 36. g5 Rf8 37. Kg4 Rd8 38. h5 gxh5+ 39. Kxh5 Rf8 40. Kg4 Rf7 41. f5
Rd7 42. f6+ Kf8 43. Kf5 Rd8 44. Re4 Re8 45. Rh4 Bd6 46. Be6 1-0

[Event "Women's Speed Chess Q4"]
[Site "chess.com INT"]
[Date "2021.06.03"]
[Round "9"]
[White "Priyanka, K"]
[Black "Dong, Khanh Linh"]
[Result "0-1"]
[WhiteTitle "WIM"]
[BlackTitle "WCM"]
[WhiteElo "2218"]
[BlackElo "1970"]
[WhiteFideId "5082986"]
[BlackFideId "12403040"]
[EventDate "2021.06.03"]

1. e4 c5 2. Nf3 d6 3. d4 cxd4 4. Nxd4 Nf6 5. Nc3 a6 6. Be2 e5 7. Nf3 Be7 8. Bg5
Nbd7 9. a4 h6 10. Be3 O-O 11. h3 Qc7 12. O-O Nc5 13. Nd2 Be6 14. a5 d5 15. exd5
Nxd5 16. Nxd5 Bxd5 17. c4 Be6 18. b4 Nd7 19. Qb1 f5 20. f3 Rad8 21. Rc1 Qb8 22.
b5 Bc5 23. Bxc5 Nxc5 24. Nb3 Nxb3 25. Qxb3 axb5 26. Qxb5 Rd2 27. Bf1 e4 28. fxe4
fxe4 29. a6 Bxh3 30. Qh5 Rxf1+ 31. Kxf1 Qf4+ 32. Kg1 Rxg2+ 33. Kh1 Qh2# 0-1

[Event "Women's Speed Chess Q4"]
[Site "chess.com INT"]
[Date "2021.06.03"]
[Round "9"]
[White "Grigoryan, Meri"]
[Black "Tomilova, Elena"]
[Result "0-1"]
[WhiteTitle "WFM"]
[BlackTitle "WGM"]
[WhiteElo "2044"]
[BlackElo "2338"]
[WhiteFideId "13300571"]
[BlackFideId "4162340"]
[EventDate "2021.06.03"]

1. d4 Nf6 2. c4 e6 3. Nf3 b6 4. e3 Bb7 5. Nc3 d5 6. cxd5 Nxd5 7. Nxd5 Qxd5 8.
Bd2 Bd6 9. Qc2 O-O 10. Bd3 Qh5 11. e4 c5 12. e5 Be7 13. Be4 Nc6 14. Bc3 Rac8 15.
d5 exd5 16. Bxd5 Nb4 17. Bxb4 Bxd5 18. Bc3 Bxf3 19. gxf3 Qxf3 20. Rg1 g6 21. Rd1
Rfd8 22. Rg3 Qh1+ 23. Ke2 Qxh2 24. Rdg1 Qh5+ 25. f3 c4 26. e6 Rd3 27. exf7+ Kxf7
28. Qc1 Bc5 29. Qf4+ Kg8 30. Qf6 Re8+ 31. Kf1 Rd1+ 0-1

[Event "Women's Speed Chess Q4"]
[Site "chess.com INT"]
[Date "2021.06.03"]
[Round "9"]
[White "Bodnaruk, Anastasia"]
[Black "Mammadova, Gulnar"]
[Result "0-1"]
[WhiteTitle "IM"]
[BlackTitle "IM"]
[WhiteElo "2457"]
[BlackElo "2382"]
[WhiteFideId "4181751"]
[BlackFideId "13403508"]
[EventDate "2021.06.03"]

1. e4 e6 2. d4 d5 3. e5 c5 4. c3 Ne7 5. Nf3 Nec6 6. Be2 b6 7. a4 Ba6 8. Bb5 Bxb5
9. axb5 Na5 10. dxc5 bxc5 11. Qa4 Nc4 12. b6+ Nd7 13. bxa7 Be7 14. O-O O-O 15.
Re1 Qc7 16. b3 Ncxe5 17. Nxe5 Nxe5 18. Bf4 Bd6 19. Nd2 Nc6 20. Bxd6 Qxd6 21. Qb5
Rxa7 22. Rxa7 Nxa7 23. Qb7 Nc6 24. Ra1 Ne5 25. Ra6 Qb8 26. Qe7 Qb5 27. Qd6 Qe2
28. h3 Nd3 29. Ra2 Qxf2+ 30. Kh2 Nf4 31. Nf3 Qxa2 32. Qxf4 Qxb3 33. Ne5 Qxc3 34.
h4 Qd4 35. Qg3 h5 36. Nf3 Qg4 37. Qd6 c4 38. Qe5 Rc8 39. Qc3 Qf4+ 40. Kh3 Qf6
41. Ne5 Qf5+ 42. g4 hxg4+ 43. Kg3 f6 44. Nxg4 Qd3+ 0-1

[Event "Women's Speed Chess Q4"]
[Site "chess.com INT"]
[Date "2021.06.03"]
[Round "9"]
[White "Nguyen, Thi Mai Hung"]
[Black "Cori T., Deysi"]
[Result "1-0"]
[WhiteTitle "WGM"]
[BlackTitle "WGM"]
[WhiteElo "2254"]
[BlackElo "2388"]
[WhiteFideId "12401676"]
[BlackFideId "3801934"]
[EventDate "2021.06.03"]

1. d4 Nf6 2. Nf3 e6 3. g3 c5 4. c3 Nc6 5. Bg2 Be7 6. O-O O-O 7. Nbd2 b6 8. e4
Bb7 9. Qe2 cxd4 10. cxd4 Nb4 11. a3 Ba6 12. Nc4 d5 13. exd5 exd5 14. Nfe5 Rc8
15. axb4 Bxc4 16. Nxc4 Rxc4 17. Rxa7 Bxb4 18. Be3 Qc8 19. Qd3 h6 20. h3 Re8 21.
Rfa1 Ba5 22. b3 Rc3 23. Qb5 Rcxe3 24. fxe3 Qc3 25. Rf1 Qxe3+ 26. Kh2 Nh5 27. Rf3
Qxd4 28. Qxe8+ Kh7 29. Qxf7 Bc3 30. Qxh5 Qe5 31. Qxe5 Bxe5 32. Rff7 d4 33. Be4+
Kg8 34. Bg6 1-0

[Event "Women's Speed Chess Q4"]
[Site "chess.com INT"]
[Date "2021.06.03"]
[Round "9"]
[White "Mohota, Nisha"]
[Black "Agrest, Inna"]
[Result "1-0"]
[WhiteTitle "IM"]
[BlackTitle "WIM"]
[WhiteElo "2195"]
[BlackElo "2285"]
[WhiteFideId "5004330"]
[BlackFideId "1708830"]
[EventDate "2021.06.03"]

1. b3 Nf6 2. Bb2 g6 3. Nf3 Bg7 4. g3 O-O 5. Bg2 d6 6. d4 a6 7. O-O Nbd7 8. c4 c5
9. d5 Rb8 10. Nbd2 b5 11. Re1 Nb6 12. Qc2 bxc4 13. bxc4 Bd7 14. e4 Na4 15. Ba3
Qa5 16. Nb3 Qc7 17. Rad1 Ng4 18. h3 Ne5 19. Nxe5 Bxe5 20. f4 Bc3 21. Re3 Bg7 22.
Rde1 h5 23. Kh2 e6 24. e5 exd5 25. cxd5 Bf5 26. Be4 Bxe4 27. Qxe4 Nb6 28. exd6
Qxd6 29. Bxc5 Qd7 30. Bxf8 Bxf8 31. Rd3 Bg7 32. Nc5 Qb5 33. Nb3 Rd8 34. Red1 a5
35. d6 a4 36. Nd2 Qd7 37. Nf3 Re8 38. Ne5 Qe6 39. Qd4 Nd7 40. Qxa4 1-0

[Event "Women's Speed Chess Q4"]
[Site "chess.com INT"]
[Date "2021.06.03"]
[Round "9"]
[White "Chitlange, Sakshi"]
[Black "Morris-Suzuki, Sophie"]
[Result "1/2-1/2"]
[WhiteTitle "WIM"]
[BlackTitle "WFM"]
[WhiteElo "2167"]
[BlackElo "2043"]
[WhiteFideId "35002899"]
[BlackFideId "30922615"]
[EventDate "2021.06.03"]

1. d4 d5 2. c4 dxc4 3. Nf3 Nf6 4. e3 Bg4 5. Bxc4 e6 6. h3 Bh5 7. Nbd2 Nc6 8. b3
a6 9. Bb2 Bd6 10. O-O O-O 11. Be2 Qe8 12. Rc1 Rd8 13. Ne5 Bxe2 14. Qxe2 Bxe5 15.
dxe5 Nd5 16. Ne4 Ndb4 17. Ba3 a5 18. Rc3 Rd5 19. f4 Qd7 20. Nc5 Qc8 21. Rfc1
Rfd8 22. Ne4 Nd3 23. Rf1 Ncb4 24. Bxb4 axb4 25. Rc4 b5 26. Rc2 Qb7 27. Qh5 h6
28. Qf3 Qb6 29. Kh2 Nc5 30. Nxc5 Rxc5 31. Rfc1 Rxc2 32. Rxc2 c5 33. Qe2 Rd5 34.
Qe1 Qc6 35. Qc1 Qb6 36. Qe1 Rd3 37. Qc1 Rd5 38. Qe1 1/2-1/2

[Event "Women's Speed Chess Q4"]
[Site "chess.com INT"]
[Date "2021.06.03"]
[Round "9"]
[White "Dordzhieva, Dinara"]
[Black "Nguyen, Hong Anh"]
[Result "0-1"]
[WhiteTitle "WGM"]
[BlackTitle "WIM"]
[WhiteElo "2334"]
[BlackElo "1993"]
[WhiteFideId "24157570"]
[BlackFideId "12406732"]
[EventDate "2021.06.03"]

1. Nf3 Nf6 2. c4 g6 3. g3 Bg7 4. d4 O-O 5. Bg2 d5 6. cxd5 Nxd5 7. O-O Nc6 8. e3
Nb6 9. Nc3 Bf5 10. Nh4 Bd7 11. f4 e6 12. Nf3 Rc8 13. Qe2 Ne7 14. Rd1 c5 15. dxc5
Rxc5 16. Ne4 Rc8 17. Bd2 Ned5 18. Rac1 Bxb2 19. Rxc8 Qxc8 20. Bb4 Nxb4 21. Qxb2
N4d5 22. Nf6+ Nxf6 23. Qxf6 Nd5 24. Qd4 Nb6 25. Ne5 Ba4 26. Rd2 h5 27. g4 Qc1+
28. Kf2 Rc8 29. gxh5 gxh5 30. Be4 Qc5 31. Qxc5 Rxc5 32. Bxb7 Kg7 33. Bf3 h4 34.
h3 f6 35. Nd3 Rc3 36. Ne1 Nc4 37. Rd3 Rc1 38. Be2 e5 39. Rd7+ Bxd7 40. fxe5 Nxe5
41. Nd3 Nxd3+ 42. Bxd3 Ra1 43. Kf3 Bxh3 44. Be2 Be6 45. Bd3 h3 46. Kg3 Rxa2 0-1

[Event "Women's Speed Chess Q4"]
[Site "chess.com INT"]
[Date "2021.06.03"]
[Round "9"]
[White "Luong, Phuong Hanh"]
[Black "Zhai, Mo"]
[Result "1/2-1/2"]
[WhiteTitle "WIM"]
[BlackTitle "WGM"]
[WhiteElo "2229"]
[BlackElo "2366"]
[WhiteFideId "12401013"]
[BlackFideId "8600201"]
[EventDate "2021.06.03"]

1. d4 Nf6 2. Nf3 b6 3. e3 Bb7 4. Bd3 c5 5. O-O g6 6. c4 cxd4 7. exd4 d5 8. Nc3
Bg7 9. cxd5 O-O 10. Bc4 Nxd5 11. Qe2 Nxc3 12. bxc3 Nc6 13. Bf4 Rc8 14. Bd3 Na5
15. Rac1 Bd5 16. c4 Bxf3 17. Qxf3 Qxd4 18. Rfd1 Qf6 19. Qg3 Rfd8 20. Re1 Qd4 21.
Bf1 e6 22. Qf3 Qb2 23. Bg5 Rd7 24. a4 Nb3 25. Rb1 Nd2 26. Bxd2 Qxd2 27. Rbd1
Rcd8 28. Rxd2 Rxd2 29. h3 h5 30. Kh2 Bd4 31. Be2 Bc5 32. Rd1 Rxd1 33. Bxd1 Bxf2
34. Qxf2 Rxd1 35. c5 Ra1 36. c6 Rc1 37. Qf3 Rc5 38. Qe4 Kf8 39. Kg3 Ke7 40. Kh2
g5 41. Qf3 h4 42. Qa3 Kd6 43. a5 f5 44. axb6 axb6 45. Qa8 f4 46. Qd8+ Kxc6 47.
Qe8+ Kd6 48. Qd8+ Kc6 49. Qe8+ Kd5 50. Qd8+ Kc6 1/2-1/2

[Event "Women's Speed Chess Q4"]
[Site "chess.com INT"]
[Date "2021.06.03"]
[Round "9"]
[White "Kazarian, Anna-Maja"]
[Black "Narva, Mai"]
[Result "0-1"]
[WhiteTitle "FM"]
[BlackTitle "WIM"]
[WhiteElo "2096"]
[BlackElo "2276"]
[WhiteFideId "1033689"]
[BlackFideId "4500512"]
[EventDate "2021.06.03"]

1. e4 c5 2. Nf3 d6 3. d4 cxd4 4. Nxd4 Nf6 5. Nc3 g6 6. Be3 Bg7 7. f3 O-O 8. Qd2
Nc6 9. Bc4 Nxd4 10. Bxd4 Qa5 11. O-O-O Be6 12. Bxe6 fxe6 13. Kb1 Rac8 14. Nd5
Qxd2 15. Nxf6+ Bxf6 16. Rxd2 Bxd4 17. Rxd4 Rc5 18. c3 Kg7 19. Kc2 Kf6 20. Rb4 b6
21. Rd1 g5 22. h3 h5 23. Ra4 Rc7 24. Rad4 Ke5 25. a4 Rf4 26. a5 bxa5 27. Ra4 Rc5
28. Rda1 g4 29. hxg4 hxg4 30. Rxa5 gxf3 31. Rxc5+ dxc5 32. gxf3 Rxf3 33. Rxa7
Kxe4 34. Rxe7 e5 35. Kb3 Rf2 36. Kc4 Rxb2 37. Kxc5 Kf4 38. c4 e4 39. Kd6 Rd2+
40. Kc7 Rc2 41. Rf7+ Ke5 42. Re7+ Kd4 43. Kd6 Rxc4 44. Rh7 e3 45. Rh1 e2 46. Re1
Kd3 47. Kd5 Rh4 48. Ra1 Rh5+ 49. Ke6 Kd2 50. Ra2+ Ke3 51. Ra3+ Kf2 52. Ra2 Kf1 0-1

[Event "Women's Speed Chess Q4"]
[Site "chess.com INT"]
[Date "2021.06.03"]
[Round "9"]
[White "Adam, Ernestina"]
[Black "Szente Varga, Fruzsina"]
[Result "1-0"]
[WhiteTitle "WCM"]
[BlackTitle "WFM"]
[WhiteElo "1354"]
[BlackElo "2100"]
[WhiteFideId "165883"]
[BlackFideId "712264"]
[EventDate "2021.06.03"]

1. e4 e5 2. Nf3 Nc6 3. Bc4 Nf6 4. Ng5 d5 5. exd5 Na5 6. Bb5+ c6 7. dxc6 bxc6 8.
Bd3 Bd6 9. O-O O-O 10. Re1 Nb7 11. Nc3 Nc5 12. Qe2 Bc7 13. Nge4 Nxd3 14. Nxf6+
Qxf6 15. Qxd3 Bf5 16. Ne4 Qg6 17. Qf3 Rad8 18. d3 Bb6 19. Be3 Bg4 20. Qg3 f5 21.
Bxb6 axb6 22. Nc3 f4 23. Qh4 Rde8 24. Ne4 Bf3 25. Ng5 Bd5 26. c4 Bxg2 27. Kxg2
h6 28. Re4 hxg5 29. Qg4 f3+ 30. Kh1 Qd6 31. Qxg5 Qxd3 32. Rg4 Rf7 33. Rag1 Qd7
34. Qh5 Ree7 35. Rh4 Rf6 36. Qh8+ Kf7 37. Qxg7+ Ke6 38. Qg4+ Kd6 39. Rd1+ Kc7
40. Rxd7+ Rxd7 41. h3 Rd1+ 42. Kh2 Rd2 43. Kg3 Re6 44. Qxe6 Rxb2 45. Rh7+ Kb8
46. Qg8# 1-0

[Event "Women's Speed Chess Q4"]
[Site "chess.com INT"]
[Date "2021.06.03"]
[Round "9"]
[White "Belenkaya, Dina"]
[Black "Klinova, Masha"]
[Result "1-0"]
[WhiteTitle "WGM"]
[BlackTitle "IM"]
[WhiteElo "2304"]
[BlackElo "2275"]
[WhiteFideId "24142654"]
[BlackFideId "2802015"]
[EventDate "2021.06.03"]

1. e4 d6 2. d4 Nf6 3. Nc3 e5 4. Nf3 Nbd7 5. Bc4 Be7 6. a4 O-O 7. a5 c6 8. O-O
Rb8 9. Re1 b5 10. axb6 axb6 11. h3 b5 12. Bf1 h6 13. b3 Re8 14. Bb2 Qc7 15. g3
Bf8 16. Bg2 exd4 17. Nxd4 Nc5 18. b4 Ne6 19. Nf5 Ng5 20. h4 Ngh7 21. Qd2 Bxf5
22. exf5 d5 23. Ne2 Ne4 24. Qd4 Nhf6 25. Nf4 Bd6 26. Nd3 Re7 27. Ra6 Rbe8 28.
Rea1 Qc8 29. g4 Qb8 30. Kh1 Rc7 31. Ra8 Qxa8 32. Rxa8 Rxa8 33. Bxe4 Bf8 34. Bf3
Re7 35. g5 Ne4 36. Kg2 hxg5 37. hxg5 Nxg5 38. f6 Re6 39. fxg7 Bd6 40. Qg4 Nxf3
41. Kxf3 Rg6 42. Qf5 Re8 43. Nf4 Bxf4 44. Qxf4 Ree6 45. Qh4 Rh6 46. Qd8+ 1-0

[Event "Women's Speed Chess Q4"]
[Site "chess.com INT"]
[Date "2021.06.03"]
[Round "9"]
[White "Purtseladze, Maka"]
[Black "Padmini, Rout"]
[Result "1-0"]
[WhiteTitle "IM"]
[BlackTitle "IM"]
[WhiteElo "2274"]
[BlackElo "2370"]
[WhiteFideId "13602659"]
[BlackFideId "5029295"]
[EventDate "2021.06.03"]

1. Nf3 c5 2. b3 Nf6 3. Bb2 Nc6 4. e3 d5 5. Bb5 Bd7 6. O-O e6 7. d3 Bd6 8. Bxc6
Bxc6 9. Ne5 Bxe5 10. Bxe5 Qe7 11. Nd2 O-O 12. f4 Nd7 13. Qg4 f6 14. Bb2 e5 15.
f5 d4 16. e4 b5 17. a4 a6 18. Qe2 Rfc8 19. g4 g5 20. fxg6 hxg6 21. g5 fxg5 22.
Qg4 Nf8 23. Nf3 Nh7 24. axb5 axb5 25. Rxa8 Rxa8 26. Bc1 Rf8 27. Nxg5 Rxf1+ 28.
Kxf1 Bd7 29. Qh4 Nxg5 30. Bxg5 Qh7 31. Qxh7+ Kxh7 32. Bf6 Bg4 33. Ke1 c4 34.
Bxe5 cxb3 35. cxb3 b4 36. Bxd4 Be6 37. Bc5 Bxb3 38. Bxb4 g5 39. Kf2 Kg6 40. d4
Bc2 41. Ke3 Kf6 42. d5 g4 43. Bc3+ Kg5 44. Be5 Bb3 45. Kd4 Ba4 46. Bg3 Kf6 47.
Bh4+ Kf7 48. Ke5 1-0